[Event "Zudov Memorial 10th"]
[Site "Nizhnij Tagil"]
[Date "2014.09.18"]
[Round "8"]
[White "Makhnev, Petr"]
[Black "Smirnov, Alexey1111"]
[Result "0-1"]
[WhiteElo "1519"]
[BlackElo "2466"]
[PlyCount "50"]
[EventDate "2014.09.11"]
[EventType "swiss"]
[EventRounds "9"]
[EventCountry "RUS"]
[SourceTitle "CBM 162 Extra"]
[Source "ChessBase"]
[SourceDate "2014.10.17"]
[SourceVersion "1"]
[SourceVersionDate "2014.10.17"]
[SourceQuality "1"]

1. d4 Nf6 2. Nf3 e6 3. g3 d5 4. Bg2 Be7 5. 0-0 0-0 6. c4 dxc4 7. Ne5 Nc6 8. Nxc6 bxc6 9. Bxc6 Rb8 10. Nc3 Nd5 11. f4 Rb6 12. Ba4 Bb7 13. Bc2 c5 14. Na4 cxd4 15. Qxd4 Rb4 16. Rd1 c3 17. Qd3 f5 18. bxc3 Rxa4 19. Bxa4 Qa5 20. Bb3 Nxc3 21. Qd7 Nxd1 22. Qxb7 Qc3 23. Qxe7 Qe1+ 24. Kg2 Qxe2+ 25. Kh3 Nf2+ 0-1